00430nam a22001217a 450000500170000000800410001704100080005808200080006610000610007424501020013526000510023730000200028820260123150758.0260123b |||||||| |||| 00| 0 eng d aeng bUGA aUgalmugle Nikita- 2k241201 & Dr. Sneha Aarekar – Guide aAn Analysis of the Perception of Employees Towards Organization Culture at E-Katta Innovation LLP aPunebSavitribai Phule Pune University c2025 a80pbHard Bound